000 00613nam a22001937a 4500
003 OSt
005 20260210020233.0
008 260210b |||||||| |||| 00| 0 eng d
020 _a1--56052-179-1
040 _aDWCL-Main lib
_cOC
082 _aCirc. 658.3 B797h 1993
100 _aMarty Brounstein
245 _aHandling the dificult employee :
_bsolving performance problems/
_cMarty Brounstein
260 _aMenlo Park, CA :
_bCrisp Pub.,
_cc1993
300 _a76 p. ;
_c25 cm. (a fifty minute series book)
650 _a1. Performance
650 _a2. Problem employees
942 _2ddc
_cBK-CIRC
_hCirc.
_n0
999 _c8322
_d8322